[Event "LIB-ch 43rd"]
[Site "Beirut"]
[Date "2017.07.29"]
[Round "10"]
[White "Nassar, Marwan"]
[Black "Kaouri, Mahdi"]
[Result "1/2-1/2"]
[WhiteElo "2015"]
[BlackElo "2074"]
[PlyCount "53"]
[EventDate "2017.07.18"]
[EventType "tourn"]
[EventRounds "11"]
[EventCountry "LBN"]
[SourceTitle "EXT 2018"]
[Source "ChessBase"]
[SourceDate "2017.10.13"]
[SourceVersion "1"]
[SourceVersionDate "2017.10.13"]
[SourceQuality "1"]

1. d4 Nf6 2. c4 e6 3. Nf3 Bb4+ 4. Bd2 c5 5. Bxb4 cxb4 6. Qa4 Nc6 7. Nbd2 0-0 8. e3 d6 9. Be2 Bd7 10. Qc2 e5 11. 0-0 Re8 12. d5 Ne7 13. Qb3 a5 14. a3 bxa3 15. Rxa3 Qc7 16. Ng5 Bf5 17. e4 Bd7 18. Rfa1 h6 19. Ngf3 b6 20. h3 Ng6 21. Qe3 Rab8 22. Bf1 Nf4 23. Kh2 Qc8 24. Ng1 g5 25. Qc3 Qc5 26. Qe3 Qc8 27. Qc3 1/2-1/2

[Event "LIB-ch 43rd"]
[Site "Beirut"]
[Date "2017.07.23"]
[Round "5"]
[White "Kassis, Antoine"]
[Black "Nassar, Marwan"]
[Result "1/2-1/2"]
[WhiteElo "2137"]
[BlackElo "2015"]
[PlyCount "42"]
[EventDate "2017.07.18"]
[EventType "tourn"]
[EventRounds "11"]
[EventCountry "LBN"]
[SourceTitle "EXT 2018"]
[Source "ChessBase"]
[SourceDate "2017.10.13"]
[SourceVersion "1"]
[SourceVersionDate "2017.10.13"]
[SourceQuality "1"]

1. e4 d5 2. exd5 Qxd5 3. Nc3 Qd6 4. d4 Nf6 5. Nf3 Bg4 6. h3 Bh5 7. g4 Bg6 8. Ne5 c6 9. Bf4 Qb4 10. Qd2 e6 11. 0-0-0 Nbd7 12. a3 Qa5 13. Nc4 Qd8 14. Bg2 Nb6 15. Ne5 Bd6 16. Qe2 Bxe5 17. Bxe5 Nbd5 18. Nxd5 cxd5 19. h4 h6 20. Bxf6 Qxf6 21. Qb5+ Kf8 1/2-1/2

[Event "LIB-ch 43rd"]
[Site "Beirut"]
[Date "2017.07.21"]
[Round "4"]
[White "Nassar, Marwan"]
[Black "Sursock, Sameer"]
[Result "1/2-1/2"]
[WhiteElo "2015"]
[BlackElo "2101"]
[PlyCount "51"]
[EventDate "2017.07.18"]
[EventType "tourn"]
[EventRounds "11"]
[EventCountry "LBN"]
[SourceTitle "EXT 2018"]
[Source "ChessBase"]
[SourceDate "2017.10.13"]
[SourceVersion "1"]
[SourceVersionDate "2017.10.13"]
[SourceQuality "1"]

1. d4 d5 2. Nf3 Nf6 3. Bf4 c5 4. c3 e6 5. e3 Nc6 6. Bd3 Be7 7. h3 0-0 8. Nbd2 Qb6 9. Rb1 Bd7 10. 0-0 Rac8 11. Re1 Rfd8 12. g4 cxd4 13. exd4 Na5 14. Ne5 Bb5 15. Bc2 g6 16. Qf3 Be8 17. Bg5 Ne4 18. Nxe4 dxe4 19. Qf4 Bxg5 20. Qxg5 Kg7 21. Qe7 Nc6 22. Nxc6 Bxc6 23. Qa3 Qb5 24. Re3 Rd7 25. Qb3 Qxb3 26. Bxb3 1/2-1/2

[Event "LIB-ch sf"]
[Site "Beirut"]
[Date "2017.03.18"]
[Round "7"]
[White "Nassar, Marwan"]
[Black "Sharbel, Marwan"]
[Result "1/2-1/2"]
[WhiteElo "2003"]
[BlackElo "1937"]
[PlyCount "47"]
[EventDate "2017.03.10"]
[EventType "swiss"]
[EventRounds "9"]
[EventCountry "LBN"]
[SourceTitle "CBM 177 Extra"]
[Source "ChessBase"]
[SourceDate "2017.04.27"]
[SourceVersion "1"]
[SourceVersionDate "2017.04.27"]
[SourceQuality "1"]

1. d4 Nf6 2. Nf3 d5 3. Bf4 c5 4. e3 Nc6 5. c3 Qb6 6. Qb3 c4 7. Qxb6 axb6 8. Be2 Bf5 9. 0-0 e6 10. Nbd2 Be7 11. h3 h6 12. Ne5 0-0 13. Rfe1 b5 14. a3 Nxe5 15. Bxe5 Nd7 16. Bg3 Nb6 17. Bf3 Bd3 18. e4 Bg5 19. Nf1 dxe4 20. Bxe4 Bxe4 21. Rxe4 Nd5 22. Rae1 Rfd8 23. h4 Be7 24. R4e2 1/2-1/2

[Event "LIB-ch sf"]
[Site "Beirut"]
[Date "2017.03.17"]
[Round "6"]
[White "Nassar, Marwan"]
[Black "Ghnatios, Ralph"]
[Result "1-0"]
[WhiteElo "2003"]
[BlackElo "1715"]
[PlyCount "33"]
[EventDate "2017.03.10"]
[EventType "swiss"]
[EventRounds "9"]
[EventCountry "LBN"]
[SourceTitle "CBM 177 Extra"]
[Source "ChessBase"]
[SourceDate "2017.04.27"]
[SourceVersion "1"]
[SourceVersionDate "2017.04.27"]
[SourceQuality "1"]

1. d4 Nf6 2. c4 g6 3. Nc3 Bg7 4. e4 d6 5. f4 0-0 6. Nf3 Na6 7. Bd3 e5 8. fxe5 dxe5 9. d5 Nc5 10. Bc2 a5 11. Bg5 h6 12. Bh4 c6 13. dxc6 Qb6 14. Bxf6 Bxf6 15. Nd5 Qxc6 16. 0-0 Bg7 17. Ne7+ 1-0

[Event "LIB-ch sf"]
[Site "Beirut"]
[Date "2017.03.14"]
[Round "4"]
[White "Nassar, Marwan"]
[Black "Maasarani, Mahmoud"]
[Result "1-0"]
[WhiteElo "2003"]
[BlackElo "2049"]
[PlyCount "34"]
[EventDate "2017.03.10"]
[EventType "swiss"]
[EventRounds "9"]
[EventCountry "LBN"]
[SourceTitle "CBM 177 Extra"]
[Source "ChessBase"]
[SourceDate "2017.04.27"]
[SourceVersion "1"]
[SourceVersionDate "2017.04.27"]
[SourceQuality "1"]

1. d4 Nf6 2. Nf3 g6 3. Bf4 Bg7 4. e3 d6 5. h3 0-0 6. Be2 Nbd7 7. 0-0 b6 8. Nbd2 Bb7 9. a4 c5 10. c3 Rc8 11. Ra3 Nd5 12. Bg3 cxd4 13. exd4 N7f6 14. a5 Ra8 15. Qb3 Nh5 16. Rfa1 Ndf4 17. Bf1 e5 1-0

[Event "LIB-ch sf"]
[Site "Beirut"]
[Date "2017.03.13"]
[Round "3"]
[White "Jouni, Hassan"]
[Black "Nassar, Marwan"]
[Result "0-1"]
[WhiteElo "1759"]
[BlackElo "2003"]
[PlyCount "74"]
[EventDate "2017.03.10"]
[EventType "swiss"]
[EventRounds "9"]
[EventCountry "LBN"]
[SourceTitle "CBM 177 Extra"]
[Source "ChessBase"]
[SourceDate "2017.04.27"]
[SourceVersion "1"]
[SourceVersionDate "2017.04.27"]
[SourceQuality "1"]

1. c4 e5 2. Nc3 Nc6 3. g3 f5 4. Bg2 Nf6 5. d3 Bb4 6. a3 Bxc3+ 7. bxc3 0-0 8. Bg5 Qe8 9. Bxf6 Rxf6 10. e4 d6 11. Ne2 f4 12. Ng1 Qg6 13. Nf3 Qh6 14. 0-0 Bg4 15. Ra2 Raf8 16. Qc1 Qh5 17. Nh4 Be2 18. Re1 Bxd3 19. Bf3 Qg5 20. Nf5 Bxc4 21. Rb2 b6 22. Qd1 fxg3 23. fxg3 R6f7 24. h4 Qf6 25. g4 Qd8 26. Rh2 Ne7 27. Qd2 Ng6 28. h5 Nf4 29. Kh1 Qg5 30. Rg1 a5 31. Qe3 Ne6 32. Qf2 Qf4 33. Qg3 Qxg3 34. Rxg3 Ng5 35. Bg2 Be6 36. Nh4 Rf4 37. Nf5 Nxe4 0-1

[Event "LIB-ch sf"]
[Site "Beirut"]
[Date "2016.09.28"]
[Round "2"]
[White "Ghnatios, Ralph"]
[Black "Nassar, Marwan"]
[Result "1-0"]
[WhiteElo "1693"]
[BlackElo "2023"]
[PlyCount "69"]
[EventDate "2016.09.27"]
[EventType "swiss"]
[EventRounds "6"]
[EventCountry "LBN"]
[SourceTitle "EXT 2018"]
[Source "ChessBase"]
[SourceDate "2017.10.13"]
[SourceVersion "1"]
[SourceVersionDate "2017.10.13"]
[SourceQuality "1"]

1. e4 d5 2. d3 Nf6 3. Nc3 Nc6 4. g3 e6 5. Bg2 Bb4 6. Bd2 0-0 7. a3 Bxc3 8. Bxc3 e5 9. Ne2 dxe4 10. dxe4 Qe7 11. 0-0 a5 12. Kh1 Rd8 13. Qe1 b6 14. f4 Ng4 15. Rf3 Bb7 16. h3 Nf6 17. fxe5 Nxe4 18. Rxf7 Qxf7 19. Bxe4 Rab8 20. Nf4 Nd4 21. Bxd4 Rxd4 22. Bxb7 Rxb7 23. e6 Qe8 24. Qe5 Qc6+ 25. Kg1 Re4 26. Qf5 Qc5+ 27. Qxc5 bxc5 28. Rd1 Rb8 29. Rd7 g5 30. e7 Rxb2 31. Nd5 Rb1+ 32. Kf2 Rbe1 33. Nf6+ Kf7 34. e8Q+ Kxf6 35. Qf7+ 1-0

[Event "Mediterranean-ch 10th"]
[Site "Beirut"]
[Date "2015.10.16"]
[Round "1"]
[White "Nassar, Marwan"]
[Black "Adly, Ahmed"]
[Result "0-1"]
[WhiteElo "2018"]
[BlackElo "2596"]
[PlyCount "58"]
[EventDate "2015.10.16"]
[EventType "swiss"]
[EventRounds "9"]
[EventCountry "LBN"]
[SourceTitle "EXT 2018"]
[Source "ChessBase"]
[SourceDate "2017.10.13"]
[SourceVersion "1"]
[SourceVersionDate "2017.10.13"]
[SourceQuality "1"]

1. d4 Nf6 2. Nf3 e6 3. Bf4 b6 4. e3 Bb7 5. Bd3 Be7 6. h3 d6 7. 0-0 Nbd7 8. Nbd2 h6 9. e4 0-0 10. Qe2 Qc8 11. Bh2 a5 12. Rac1 Re8 13. Rfe1 Nh7 14. e5 dxe5 15. Nxe5 Nxe5 16. Bxe5 Bd6 17. Nc4 Bxe5 18. Nxe5 Nf6 19. c3 c5 20. Bb5 Rd8 21. dxc5 Qxc5 22. a4 Ne4 23. Nc4 Bd5 24. Rcd1 Bxc4 25. Bxc4 Nxf2 26. Rxd8+ Rxd8 27. Qxf2 Qxc4 28. Qxb6 Rd2 29. Qxa5 Qc6 0-1

[Event "Beirut op 8th"]
[Site "Beirut"]
[Date "2015.09.22"]
[Round "4"]
[White "Nassar, Marwan"]
[Black "Jabr, Bernard"]
[Result "1/2-1/2"]
[WhiteElo "2021"]
[BlackElo "1761"]
[PlyCount "69"]
[EventDate "2015.09.19"]
[EventType "swiss"]
[EventRounds "9"]
[EventCountry "LBN"]
[SourceTitle "EXT 2016"]
[Source "ChessBase"]
[SourceDate "2015.10.08"]
[SourceVersion "1"]
[SourceVersionDate "2015.10.08"]
[SourceQuality "1"]

1. e4 d5 2. Nc3 d4 3. Nce2 e5 4. d3 c5 5. Nf3 Nc6 6. Ng3 f6 7. Be2 Be6 8. c3 Qd7 9. Qa4 a6 10. 0-0 b5 11. Qd1 Bd6 12. cxd4 cxd4 13. Ne1 Nge7 14. f4 exf4 15. Nh5 0-0 16. Nxf4 Bf7 17. Bg4 f5 18. exf5 Nxf5 19. Nf3 Qc7 20. Ng5 Ne3 21. Bxe3 dxe3 22. g3 Qb6 23. Ne2 Bd5 24. Be6+ Bxe6 25. Nxe6 Rf7 26. d4 Re8 27. Qb3 Kh8 28. Qxe3 Rxe6 29. Qxe6 Nxd4 30. Qe4 Ne6+ 31. Kh1 Nc7 32. Qf3 h6 33. Rac1 Qe3 34. Rc6 Qe7 35. Qe3 1/2-1/2

[Event "Asian Continental op 14th"]
[Site "Al Ain"]
[Date "2015.08.08"]
[Round "7"]
[White "Salih, Akar Ali Salih"]
[Black "Nassar, Marwan"]
[Result "1/2-1/2"]
[WhiteElo "2359"]
[BlackElo "2030"]
[PlyCount "63"]
[EventDate "2015.08.02"]
[EventType "swiss"]
[EventRounds "9"]
[EventCountry "UAE"]
[SourceTitle "CBM 168"]
[Source "ChessBase"]
[SourceDate "2015.09.14"]
[SourceVersion "1"]
[SourceVersionDate "2015.09.14"]
[SourceQuality "1"]

1. e4 d5 2. exd5 Qxd5 3. Nc3 Qd6 4. d4 Nf6 5. Nf3 c6 6. Be2 Bf5 7. Ne5 Nbd7 8. Nc4 Qc7 9. 0-0 Nb6 10. Ne5 e6 11. Bf4 Bd6 12. Bg3 Nbd7 13. Nc4 Bxg3 14. hxg3 0-0 15. Bf3 Rfd8 16. Qe2 Nb6 17. g4 Nxg4 18. Bxg4 Bxg4 19. Qxg4 Nxc4 20. b3 Nd6 21. Rfd1 Qa5 22. Rd3 Qf5 23. Qe2 Nb5 24. Nxb5 Qxb5 25. Rad1 Qb4 26. c3 Qe7 27. c4 Rd7 28. d5 cxd5 29. cxd5 Rad8 30. dxe6 fxe6 31. Rxd7 Rxd7 32. Rxd7 1/2-1/2

[Event "Asian Continental op 14th"]
[Site "Al Ain"]
[Date "2015.08.04"]
[Round "3"]
[White "Nassar, Marwan"]
[Black "Abdulwahhab, Ahmed Abdulsattar"]
[Result "0-1"]
[WhiteElo "2030"]
[BlackElo "2297"]
[PlyCount "58"]
[EventDate "2015.08.02"]
[EventType "swiss"]
[EventRounds "9"]
[EventCountry "UAE"]
[SourceTitle "CBM 168"]
[Source "ChessBase"]
[SourceDate "2015.09.14"]
[SourceVersion "1"]
[SourceVersionDate "2015.09.14"]
[SourceQuality "1"]

1. e4 c5 2. Nc3 e6 3. f4 d5 4. Nf3 dxe4 5. Nxe4 Nf6 6. Bb5+ Bd7 7. Bxd7+ Nbxd7 8. Qe2 Be7 9. 0-0 0-0 10. d3 Rc8 11. Kh1 Qc7 12. Bd2 Rfe8 13. Rae1 Nd5 14. Nfg5 N7f6 15. c4 Nxe4 16. dxe4 Bxg5 17. exd5 Bh4 18. g3 Bf6 19. f5 Bxb2 20. Rf4 Bd4 21. Re4 e5 22. f6 Qd6 23. Rf1 b5 24. Qg4 g6 25. Bh6 bxc4 26. Bg7 Qxd5 27. Kg2 Rb8 28. Rf3 Rb2+ 29. Kf1 Rxh2 0-1

[Event "Asian Continental op 14th"]
[Site "Al Ain"]
[Date "2015.08.03"]
[Round "2"]
[White "Tologontegin, Semetey"]
[Black "Nassar, Marwan"]
[Result "1-0"]
[WhiteElo "2390"]
[BlackElo "2030"]
[PlyCount "125"]
[EventDate "2015.08.02"]
[EventType "swiss"]
[EventRounds "9"]
[EventCountry "UAE"]
[SourceTitle "CBM 168"]
[Source "ChessBase"]
[SourceDate "2015.09.14"]
[SourceVersion "1"]
[SourceVersionDate "2015.09.14"]
[SourceQuality "1"]

1. g3 d5 2. Bg2 Nf6 3. d3 e5 4. Nf3 Bd6 5. 0-0 0-0 6. c4 c6 7. cxd5 cxd5 8. Bg5 Nbd7 9. Nc3 h6 10. Bxf6 Nxf6 11. Qb3 d4 12. Nd5 Nxd5 13. Qxd5 Qe7 14. Rfc1 Be6 15. Qb5 a6 16. Qb6 Rac8 17. a3 Rxc1+ 18. Rxc1 Rc8 19. Rxc8+ Bxc8 20. Nd2 Qc7 21. Nc4 Qxb6 22. Nxb6 Be6 23. Bxb7 a5 24. Bd5 Bc7 25. Na8 Bxd5 26. Nxc7 Bc6 27. Na6 Kf8 28. Nc5 Ke7 29. Kf1 Bd5 30. Ke1 f5 31. Kd2 Kd6 32. b4 Kc6 33. e3 axb4 34. axb4 Kd6 35. exd4 exd4 36. Kc2 Bc6 37. f4 Kd5 38. h4 Kd6 39. Kd2 Kd5 40. Nb3 Ba4 41. Nc1 Bb5 42. Ne2 Be8 43. Kc2 Ba4+ 44. Kb2 Bb5 45. Nc1 Kd6 46. Nb3 Kd5 47. Nc5 Kd6 48. Kc2 Kd5 49. Kd2 Kd6 50. Nb3 Kd5 51. Na1 Bd7 52. Nc2 Ba4 53. Na3 Bb3 54. Kc1 Ba4 55. Kb2 Bd7 56. Kb3 Be8 57. b5 Kc5 58. Ka4 Bf7 59. Ka5 Be8 60. b6 Bc6 61. Nc4 Bb7 62. Nd2 Kc6 63. Nb3 1-0

[Event "Beirut Lasker Memoral-B"]
[Site "Beirut"]
[Date "2015.01.29"]
[Round "9"]
[White "Nassar, Marwan"]
[Black "Khairallah, Ralph"]
[Result "1-0"]
[WhiteElo "2050"]
[BlackElo "1743"]
[PlyCount "63"]
[EventDate "2015.01.21"]
[EventType "tourn"]
[EventRounds "11"]
[EventCountry "LBN"]
[SourceTitle "EXT 2018"]
[Source "ChessBase"]
[SourceDate "2017.10.13"]
[SourceVersion "1"]
[SourceVersionDate "2017.10.13"]
[SourceQuality "1"]

1. e4 e6 2. Nc3 d5 3. d3 dxe4 4. Nxe4 Nf6 5. Qe2 Nc6 6. Nf3 h6 7. g3 b6 8. Bg2 Bb7 9. 0-0 Be7 10. Rd1 0-0 11. c3 Qc8 12. Bf4 Rd8 13. a3 Rd7 14. b4 Nd5 15. b5 Nxf4 16. gxf4 Na5 17. Ne5 Rd8 18. Qh5 Rf8 19. d4 Bd5 20. Nd2 Bxg2 21. Kxg2 Qb7+ 22. f3 c6 23. Rg1 Bf6 24. Kh3 Kh7 25. Ng4 Bd8 26. Rg2 f6 27. Nxh6 gxh6 28. Rg6 Qg7 29. Rxg7+ Kxg7 30. f5 exf5 31. Rg1+ Kh7 32. Rg6 1-0

[Event "Beirut Lasker Memoral-B"]
[Site "Beirut"]
[Date "2015.01.27"]
[Round "7"]
[White "Nassar, Marwan"]
[Black "Moudallal, Tarek"]
[Result "1-0"]
[WhiteElo "2050"]
[BlackElo "1949"]
[PlyCount "89"]
[EventDate "2015.01.21"]
[EventType "tourn"]
[EventRounds "11"]
[EventCountry "LBN"]
[SourceTitle "EXT 2018"]
[Source "ChessBase"]
[SourceDate "2017.10.13"]
[SourceVersion "1"]
[SourceVersionDate "2017.10.13"]
[SourceQuality "1"]

1. d4 Nf6 2. c4 g6 3. Nc3 Bg7 4. e4 d6 5. f4 0-0 6. Nf3 c5 7. d5 a6 8. Bd3 e6 9. 0-0 exd5 10. exd5 b5 11. cxb5 axb5 12. Bxb5 Ba6 13. Bxa6 Nxa6 14. f5 Qb6 15. fxg6 hxg6 16. Ng5 Nb4 17. Qf3 Nc2 18. Rb1 Rae8 19. Bd2 Qb4 20. Kh1 Qh4 21. Qd3 Ng4 22. Nf3 Nf2+ 23. Rxf2 Qxf2 24. Qxc2 Bh6 25. Qd3 c4 26. Qf1 Qxf1+ 27. Rxf1 Bg7 28. Bf4 Be5 29. Nxe5 dxe5 30. Bh6 Rb8 31. Bxf8 Kxf8 32. Rb1 Ke7 33. Kg1 Kd6 34. b4 cxb3 35. Rxb3 Ra8 36. Rb6+ Kc5 37. Rc6+ Kd4 38. d6 e4 39. d7 Rd8 40. Rc7 e3 41. Kf1 Kd3 42. h4 f5 43. Ke1 f4 44. Na4 Kd4 45. Nb6 1-0

[Event "Beirut op 7th"]
[Site "Beirut"]
[Date "2014.05.11"]
[Round "6"]
[White "Hammoud, Nadim"]
[Black "Nassar, Marwan"]
[Result "0-1"]
[WhiteElo "1920"]
[BlackElo "2058"]
[PlyCount "111"]
[EventDate "2014.05.06"]
[EventType "swiss"]
[EventRounds "9"]
[EventCountry "LBN"]
[SourceTitle "EXT 2016"]
[Source "ChessBase"]
[SourceDate "2015.10.08"]
[SourceVersion "1"]
[SourceVersionDate "2015.10.08"]
[SourceQuality "1"]

1. e4 d5 2. exd5 Qxd5 3. Nc3 Qd6 4. Bc4 Nf6 5. Nge2 g6 6. d4 c6 7. Bf4 Qb4 8. Bb3 Bg7 9. 0-0 0-0 10. Bc7 e6 11. f3 Na6 12. Be5 Rd8 13. Ne4 Qe7 14. Nxf6+ Bxf6 15. Bxf6 Qxf6 16. c3 c5 17. Qe1 cxd4 18. Nxd4 e5 19. Ne2 Nc5 20. Qf2 b6 21. Ng3 Qf4 22. Ne4 Nxb3 23. axb3 f5 24. Ng3 Rd2 25. Ne2 Qg5 26. h4 Qd8 27. Qe3 Qd6 28. Nd4 Rxb2 29. Nb5 Qc5 30. Qxc5 bxc5 31. Rxa7 Rxa7 32. Nxa7 Be6 33. Re1 e4 34. fxe4 Rxb3 35. exf5 Bxf5 36. Rc1 Rb2 37. Rf1 Kg7 38. Rf2 Rb6 39. Rf4 Bd7 40. c4 Rb7 41. Nb5 Bxb5 42. cxb5 Rxb5 43. Kf2 Rb4 44. Rf3 Rxh4 45. Rc3 c4 46. Kf3 h5 47. g3 Rg4 48. Re3 Kf6 49. Re8 Rd4 50. Rc8 Ke5 51. Ke3 Rd3+ 52. Ke2 Kd4 53. g4 hxg4 54. Rg8 Kc3 55. Rxg6 g3 56. Rc6 0-1

[Event "LIB-ch"]
[Site "Beirut"]
[Date "2013.10.03"]
[Round "5"]
[White "Bassel, Charaf"]
[Black "Nassar, Marwan"]
[Result "0-1"]
[WhiteElo "2070"]
[BlackElo "2091"]
[PlyCount "38"]
[EventDate "2013.09.28"]
[EventType "tourn"]
[EventRounds "11"]
[EventCountry "LBN"]
[SourceTitle "EXT 2014"]
[Source "ChessBase"]
[SourceDate "2013.11.20"]
[SourceVersion "1"]
[SourceVersionDate "2013.11.20"]
[SourceQuality "1"]

1. c4 e5 2. Nc3 Nc6 3. g3 f5 4. Bg2 Nf6 5. d3 Bb4 6. Bd2 0-0 7. Nf3 Bxc3 8. Bxc3 d6 9. 0-0 Qe8 10. b4 Qh5 11. b5 Ne7 12. Rc1 f4 13. c5 Bh3 14. cxd6 cxd6 15. Bb4 Nf5 16. Rc7 Ng4 17. Qb3+ Kh8 18. Qd5 Bxg2 19. Kxg2 Nfe3+ 0-1

[Event "LIB-ch"]
[Site "Beirut"]
[Date "2013.09.28"]
[Round "1"]
[White "Nassar, Marwan"]
[Black "Maasarani, Mahmoud"]
[Result "0-1"]
[WhiteElo "2091"]
[BlackElo "2109"]
[PlyCount "76"]
[EventDate "2013.09.28"]
[EventType "tourn"]
[EventRounds "11"]
[EventCountry "LBN"]
[SourceTitle "EXT 2014"]
[Source "ChessBase"]
[SourceDate "2013.11.20"]
[SourceVersion "1"]
[SourceVersionDate "2013.11.20"]
[SourceQuality "1"]

1. e4 c6 2. d4 d5 3. exd5 cxd5 4. c4 Nf6 5. Nc3 e6 6. Nf3 Nc6 7. Bg5 Be7 8. Bd3 0-0 9. 0-0 Nb4 10. Rc1 Nxd3 11. Qxd3 dxc4 12. Qxc4 b6 13. Rfd1 Bb7 14. Ne5 Nd5 15. Bd2 Rc8 16. Qa4 Nxc3 17. bxc3 Qd5 18. f3 b5 19. Qb3 Rfd8 20. Be3 a5 21. Qb2 Ba6 22. Qb3 Qxb3 23. axb3 a4 24. b4 Bb7 25. Bd2 Bd5 26. Ra1 Rc7 27. Kf2 Rdc8 28. Nd3 h6 29. Re1 Ra8 30. Ra3 g5 31. g4 Bd6 32. f4 f6 33. Nc5 Kf7 34. Kg3 Rh8 35. Ne4 Bxe4 36. Rxe4 Rhc8 37. Be1 f5 38. h3 fxe4 0-1